000 00368nam a22001457a 4500
003 MACL
005 20170625125714.0
008 170625b xxu||||| |||| 00| 0 eng d
040 _c MACL
100 _aSharma, I.K.
_967864
245 _aA Treasure Island of Letters
260 _aJaipur
_bDeepak Publication
_c2015
650 _aLetter
_967865
942 _2ddc
_cBK
999 _c56659
_d56659